000 00567nam a22001937a 4500
003 BD-ChCU
005 20260405104526.0
008 260405b bg ||||| |||| 00| 0 ENG d
020 _a9789843392473
040 _cBD-ChCU
082 _222
_a340.59 H253m
100 _a Haque, Muhammad Ekramul
_921138
245 _aMuslim Famaily law :
_bsharia and modern world /
_cMuhammad Ekramul Haque
250 _a2 ed.
260 _aDhaka:
_bLondon College of legal studies,
_c2024
300 _a793p. :
_c22cm
650 0 _aMuslim law law
_921130
942 _2ddc
_cBK
_n0
999 _c112035
_d112035